Bibliobús La Mola : 2018 2018
Descripción Física:
1 targeta informativa : il·lustracions ; 6 x 9 cm, desplegat 6 x 18 cm
Idioma:
Catalán
MARC
| LEADER | 00000nam a22000007a 4500 | ||
|---|---|---|---|
| 001 | 26195 | ||
| 008 | 220708b spa||||| |||| 00| 0 cat d | ||
| 017 | |a DL B 27754-2017 | ||
| 080 | |a NBM-14-38 | ||
| 245 | |a Bibliobús La Mola : |b 2018 | ||
| 260 | |a Barcelona : |b Diputació de Barcelona. Xarxa de Biblioteques Municipals, |c 2017 | ||
| 300 | |a 1 targeta informativa : |b il·lustracions ; |c 6 x 9 cm, desplegat 6 x 18 cm | ||
| 500 | |a Targeta informativa que conté els horaris del Bibliobús La Mola durant l'any 2018. | ||
| 610 | 2 | 0 | |a Bibliobús La Mola |9 52878 |
| 650 | 0 | |a Bibliobusos |z Barcelona (Catalunya : Província) |9 30563 | |
| 710 | 1 | |a Barcelona (Catalunya : Província). |b Xarxa de Biblioteques Municipals |9 52650 | |
| 942 | |2 udc |c ARXIU |n 1 | ||
| 952 | |0 0 |1 0 |4 0 |6 NBM1438 |7 0 |9 62709 |a Arxiu |b Arxiu |d 2022-07-08 |l 0 |o NBM-14-38 |p 26195 |r 2022-07-08 00:00:00 |w 2022-07-08 |y ARXIU | ||
| 999 | |c 82239 |d 82239 | ||